Countries with the most Filipinos - Statistics

General Stats
  • This quiz has been taken 81 times
  • The average score is 7 of 10
Answer Stats
Country # % Correct
United States 3,416,840
96%
Canada 837,130
91%
Japan 325,000
90%
United Kingdom 200,000
81%
United Arab Emirates 679,819
78%
Australia 232,386
74%
Saudi Arabia 938,490
71%
Singapore 175,000
65%
Malaysia 245,000
54%
Qatar 236,000
46%
No matching quizzes found
Score Distribution
Percent of People with Each Score
Percentile by Number Answered
Your Score History
You have not taken this quiz